000 01215naa a22003377a 4500
001 BR7503352
003 BR-BrBNA
005 20240918173750.0
007 ta
008 230509b bl.||||| |||| 00| 0 por d
040 _aBR-BrBNA
_bpor
_cBiblioteca Nacional de Agricultura
041 _a(Pt)
072 _aH20
_b2120
_b4120
_b3875
090 _aH20 BR7503352
100 1 _aCampos, V.P.
100 1 _aHuerta, A.S.
100 1 _aAbreu, M.S. de
100 1 _aMachado, J. da C.
100 1 _aPereira, L.V.
100 1 _aAlcantara, E.N. de
111 1 _a3. Congresso Brasileiro de Pesquisas Cafeeiras
_cCuritiba, PR (Brazil)
_d18 Nov 1975
245 1 _aEficiencia comparativa do Zincofol e Difolatan 4F com Oxicloreto de Cobre [cafe, fungicida]
260 3 _aRio de Janeiro, RJ (Brasil):
_c1975.
500 _aResumos do 3. Congresso Brasileiro de Pesquisas Cafeeiras Rio de Janeiro, RJ (Brasil): 1975. p. 226-227 (BR7503352-AM)H20
650 _aCAFE
650 _aFUNGICIDA
650 _aFERRUGEM
773 0 _tResumos do 3. Congresso Brasileiro de Pesquisas Cafeeiras
_wH20 BR7503352
_gRio de Janeiro, RJ (Brasil), 1975. p. 226-227
909 _a202404
_bLucia
_c55
_dLucia Elande
942 _cAM
_2AGRIS
999 _c306732
_d306732